000 01442cai a22002175a 4500
001 L140945
008 071022u20070919xxk f v 000 0 eng d
035 _a(Sirsi) u140945
041 0 _aeng
245 0 0 _aAboualsaud v Aboukhater and Aboukhater
_h[electronic resource]
260 _c2007
520 _a[2007] EWHC 2122 (QB). Case no: HQ05x02239. 19 September 2007. Agreements between friends should be recorded in writing to ensure that they are enforceable. Fact: The Claimant (Aboualsaud), claimed £15mcommission from the sale of a hotel for allegedly introducing the defendants to a buyer. A deal was agreed and the hotel sold to a group of companies for £150m. The defendants denied there had been a binding oral agreement to pay commission and that they had not been introduced to the eventual buyer. Issues: whether there was an agency agreement between the parties; if so, whether the introduction to a buyer was an effective cause of the sale of the hotel. Held: claimant had no proof of any agreement and was also not the cause of the sale.
590 _aka
650 2 4 _aBREACH OF CONTRACT
650 2 4 _aCONTRACTS OF AGENCY
650 2 4 _aAboualsaud v Aboukhater and another
651 4 _aEngland and Wales
_y1543-
690 _aMANAGEMENT-BUSINESS MANAGEMENT-PROFESSIONAL PRACTICE
856 4 8 _uhttps://www.bailii.org/ew/cases/EWHC/QB/2007/2122.html
_zView the judgment free of charge at www.bailii.org...
942 _n0
999 _c79384
_d79384